The cyclic perfomance of fire resistant doorset in selected shopping centers, Malaysia /
Saved in:
| Main Author: | |
|---|---|
| Format: | Thesis |
| Language: | English |
| Published: |
Gombak, Selangor :
Kulliyyah of Architecture and Environmental Design, International Islamic University Malaysia,
2009
|
| Subjects: | |
| Online Access: | http://studentrepo.iium.edu.my/handle/123456789/2789 |
| Tags: |
Add Tag
No Tags, Be the first to tag this record!
|
| LEADER | 020810000a22004090004500 | ||
|---|---|---|---|
| 001 | 471472 | ||
| 005 | 20230419120126.0 | ||
| 008 | 100308t2009 my ae g 000 0 eng | ||
| 035 | |a (Sirsi) 471472 | ||
| 040 | |a UIAM |b eng | ||
| 043 | |a a-my-- | ||
| 050 | |a TH1069 | ||
| 100 | 1 | |a Dewi Sarah |9 83531 | |
| 245 | 1 | 4 | |a The cyclic perfomance of fire resistant doorset in selected shopping centers, Malaysia / |c by Dewi Sarah |
| 260 | |a Gombak, Selangor : |b Kulliyyah of Architecture and Environmental Design, International Islamic University Malaysia, |c 2009 | ||
| 300 | |a xiv, 152 leaves : |b ill. ; |c 30 cm. | ||
| 336 | |2 rdacontent | ||
| 337 | |2 rdamedia | ||
| 338 | |2 rdacarrier | ||
| 500 | |a "A dissertation submitted in partial fulfilment of the requirements for the degree of Master of Building Services Engineering." --On t.p. | ||
| 500 | |a Abstracts in English and Arabic. | ||
| 502 | |a Thesis (MSBSE) -- International Islamic University Malaysia, 2009. | ||
| 504 | |a Includes bibliographical references (leaves 76-78). | ||
| 650 | |a Doors |x Thermal properties |9 83532 | ||
| 650 | |a Doors |x Design and construction |9 83286 | ||
| 650 | |a Fire resistant materials |9 83533 | ||
| 650 | |a Fire prevention |9 69397 | ||
| 655 | |a Theses, IIUM local | ||
| 690 | |a Dissertations, Academic |x Department of Building Technology and Engineering |z IIUM |9 72836 | ||
| 710 | 2 | |a International Islamic University Malaysia. |b Department of Building Technology and Engineering |9 72837 | |
| 856 | 4 | |u http://studentrepo.iium.edu.my/handle/123456789/2789 | |
| 900 | |a hj-fs | ||
| 942 | |2 lcc |n 0 | ||
| 999 | |c 433804 |d 463969 | ||
| 952 | |0 0 |6 T TH 1069 D521C 2009 |7 0 |8 THESES |9 753676 |a IIUM |b IIUM |c MULTIMEDIA |g 0.00 |o t TH 1069 D521C 2009 |p 00011171620 |r 2017-10-20 |t 3 |v 0.00 |y THESIS | ||
| 952 | |0 0 |6 LU T TH 1069 D521C 2009 |7 0 |8 THESES |9 757668 |a IIUM |b IIUM |c CLOSEACCES |g 0.00 |o lu t TH 1069 D521C 2009 |p 00011122658 |r 2017-10-25 |t 1 |v 0.00 |y THESIS | ||
| 952 | |0 0 |6 TS CDF TH 1069 D521C 2009 |7 0 |8 THESES |9 836849 |a IIUM |b IIUM |c MULTIMEDIA |g 0.00 |o ts cdf TH 1069 D521C 2009 |p 11100326770 |r 2017-10-26 |t 1 |v 0.00 |y THESISDIG | ||
